| 000 | 01362cam a22004097a 4500 | ||
|---|---|---|---|
| 003 | CHAP | ||
| 005 | 20220817043838.0 | ||
| 008 | 020628d2001 us a r 00110 eng d | ||
| 010 | _a85947 | ||
| 011 | _a86919 | ||
| 020 | _a0520098404 | ||
| 035 | _a97459 | ||
| 040 | _cCHAP | ||
| 090 | _aFolleto 16463 | ||
| 100 | 0 | 0 |
_aLandry, Bernard. _964707 |
| 245 | 1 | 0 |
_aSystematics and phylogeny of Sparganothina and related taxa (Lepidoptera: Tortricidae: Sparganothini) _c/por Bernard Landry and Jerry A. Powell |
| 260 |
_aBerkeley, Cal. : _bUniversity of California Press, _c2001 |
||
| 300 |
_a82 p. : _bilus. ; laminas |
||
| 410 | 2 | 1 | _aUniversity of California |
| 490 | 0 |
_aEntomology _v; 121 |
|
| 590 |
_aBATCH-UPD _b10 _c20130110 _lUCH01 _h0354 |
||
| 590 |
_aBATCH-UPD _b10 _c20130110 _lUCH01 _h2105 |
||
| 590 |
_aBATCH-UPD _b10 _c20130410 _lUCH01 _h0028 |
||
| 590 |
_aBATCH-UPD _b10 _c20130914 _lUCH01 _h1311 |
||
| 590 |
_aCONVERSION _b10 _c20130109 _lUCH01 _h1348 |
||
| 650 | 1 | 4 |
_aEntomología. _937113 |
| 650 | 1 | 4 |
_aLepidópteros. _966252 |
| 650 | 1 | 4 |
_aSparganothis. _9109125 |
| 650 | 1 | 4 |
_aTortricidae. _9114331 |
| 700 | 0 |
_aPowell, Jerry A. _991172 |
|
| 810 | 2 | 1 | _aUniversity of California |
| 830 | 0 |
_aEntomology _v; 121 _937155 |
|
| 901 | _aBK | ||
| 905 | _aMarco A. Mendoza T. | ||
| 942 | _cFOLL | ||
| 949 |
_aFolleto 16463 _bBC _cFOLL _d974591 _eTS1 _i97459 _sb |
||
| 999 |
_c85947 _d85947 |
||